00971aab a2200205 i 4500001001000000003001000010005001700020008004100037040001900078041000800097100003600105245005400141300007400195520031300269650001500582650003000597773011300627942000800740999001700748768714001CO-MdFUSB20240422102016.0240417t1983 ag ||||| |||| 00| 0 spa d bspacCO-MdFUSB aspa1 aBreneman, Mervin (1930-)eautor 4aLos Salmos y la misionologíac/ Mervin Breneman aVolumen 2, número 4, (diciembre, 1983), páginas: 26 - 27c; 27 cm aEl libro de los Salmos es la parte del Antiguo Testamento más utilizada en las iglesias. Lo que la gente cree se expresa en su canción. De ahí la importancia de los Salmos en la teología bíblica. Todas las grandes enseñanzas teológicas del Antiguo Testamento están registradas en los Salmos. 0aBiblia916 7aTeología bíblica93200 tIglesia y Misión049402959626gVolumen 2, número 4, (diciembre, 1983), páginas: 26 - 27qpágina: 26 cANA c51426d51426